000
00319nam a2200109Ia 4500
008
171204s9999 xx 000 0 und d
245
4
_a
The SAGE Handbook of Political Geography:
245
_c
Kevin R Cox
260
_c
2007
650
_x
Politics and Sociology
856
_u
http://down.ebook777.com/063/9780761943273.pdf
999
_c
345603
_d
345603